THE ECOLOGICAL WEB (Record no. 23650)

MARC details
000 -LEADER
fixed length control field 00469nam a22001577a 4500
003 - CONTROL NUMBER IDENTIFIER
control field OSt
005 - DATE AND TIME OF LATEST TRANSACTION
control field 20211223095955.0
008 - FIXED-LENGTH DATA ELEMENTS--GENERAL INFORMATION
fixed length control field 211223b |||||||| |||| 00| 0 eng d
040 ## - CATALOGING SOURCE
Transcribing agency HU
082 ## - DEWEY DECIMAL CLASSIFICATION NUMBER
Edition number 0226020347
Classification number 591.5
100 ## - MAIN ENTRY--PERSONAL NAME
Personal name ANDREWARTHA H.G.
9 (RLIN) 4166
245 ## - TITLE STATEMENT
Title THE ECOLOGICAL WEB
Remainder of title MORE ONTHE DISTRIBUTION & ABUNDANCE OF ANIMALS
Statement of responsibility, etc. BIRCH L.C.
260 ## - PUBLICATION, DISTRIBUTION, ETC.
Place of publication, distribution, etc. LONDON
Name of publisher, distributor, etc. THE UNIVERSITY OF CHICAGO PRESS
Date of publication, distribution, etc. 1984
300 ## - PHYSICAL DESCRIPTION
Extent XIV 506 p.
Other physical details pc
Dimensions 28
942 ## - ADDED ENTRY ELEMENTS (KOHA)
Source of classification or shelving scheme Dewey Decimal Classification
Koha item type Books like text book referance book
Suppress in OPAC No
Holdings
Withdrawn status Lost status Source of classification or shelving scheme Damaged status Not for loan Collection code Home library Current library Shelving location Date acquired Total Checkouts Full call number Barcode Date last seen Copy number Price effective from Koha item type
    Dewey Decimal Classification     Reference Wondo Genet Library Wondo Genet Library General Stacks 12/23/2021   591.5 and 1984 WGCFNRL00009614 12/23/2021 1 12/23/2021 Books like text book referance book